Statistiques concernant Victoires des clubs en Champions League par années

Cliquez ici pour prendre le quiz!

Statistiques générales

  • Ce quiz a été pris 213 fois
  • Le résultat moyen est 12 sur 23

Statistiques - réponses

HintRéponse% Correct
1956, 1957, 1958, 1959, 1960, 1966, 1998, 2000, 2002, 2014, 2016, 2018, 2020, 2022Real Madrid
88%
2023Manchester City
83%
2012, 2021Chelsea
75%
1974, 1975, 1976, 2001, 2013, 2020Bayern Munich
74%
1992, 2006, 2009, 2011, 2015FC Barcelone
73%
1963, 1969, 1989, 1990, 1994, 2003, 2007Milan AC
73%
1993Olympique de Marseille
73%
1977, 1978, 1981, 1984, 2005, 2019Liverpool
67%
1968, 1999, 2008Manchester United
63%
1964, 1965, 2010Inter Milan
61%
1987, 2004FC Porto
58%
1971, 1972, 1973, 1995Ajax Amsterdam
53%
1979, 1980Nottingham Forest
45%
1997Borussia Dortmund
43%
1985, 1996Juventus Turin
38%
1961, 1962Benfica Lisbonne
36%
1991Etoile Rouge Belgrade
34%
1982Aston Villa
33%
1967Celtic Glasgow
30%
1986Steaua Bucarest
25%
1983Hambourg SV
23%
1988PSV Eindhoven
21%
1970Feyenoord Rotterdam
18%

Distribution des résultats

Percentile par nombre de réponses

% des personnes avec chaque résultat

Votre développement - résultats

Vous n’avez pas pris ce quiz